00351nam a2200109Ia 4500008004100000082000800041100002400049245005200073942000600125952009500131999001500226240331s9999 xx 000 0 und d bANA aBalasuriya, T.. tr. 3aAn anthology of Sinhal short stories in English cL 001040708LaWERCLbWERCLcSSCd2024-03-31l0o 800 ANAp3521r2024-03-31w2024-03-31yL c3084d3084